000 00310nam a22001457a 4500
008 210607b ||||| |||| 00| 0 eng d
020 _a0387063072
041 _aeng
080 _a61
082 _a61
100 _a3
101 _aSHM
245 _aClinical Endocrinology
_cAlexis Labhart
942 _2udc
_cBK
999 _c58009
_d58009